| 000 | 00848pam a2200253 a 4500 | ||
|---|---|---|---|
| 001 | 3027 | ||
| 005 | 20250320144016.0 | ||
| 020 | _a9780439785099 | ||
| 040 |
_aDLC _cDLC _dDLC _beng |
||
| 050 | 0 | 0 |
_aG133.J46 _b 1998 |
| 082 | 0 | 0 | _a910 |
| 100 | 1 |
_aJenkins, Steve _d1952- |
|
| 245 | 1 | 0 |
_aHottest, coldest, highest, deepest / _cSteve Jenkins. |
| 260 |
_aNew York : _bScholastic , _c1998 |
||
| 300 |
_a30 unnumbered pages : _bcolor illustrations. maps ; _c21 cm. |
||
| 505 | _aZ | ||
| 520 | _aDescribes some of the remarkable places on earth, including the hottest, coldest, windiest, snowiest, highest, and deepest. | ||
| 521 |
_a1000
_bLexile |
||
| 521 |
_aZ
_bRaz-Plus |
||
| 650 | 0 |
_aGeography _xJuvenile literature. |
|
| 650 | 1 |
_aGeography _xMiscellanea. |
|
| 906 |
_a7 _bcbc _corignew _d1 _eocip _f19 _gy-gencatlg |
||
| 942 |
_2ddc _cBK _n0 |
||
| 999 |
_c3027 _d3027 |
||